Como siento? : (Record no. 27492)

MARC details
000 -LEADER
fixed length control field 00607cam a2200217Ia 4500
001 - CONTROL NUMBER
control field 36039398
003 - CONTROL NUMBER IDENTIFIER
control field OCoLC
005 - DATE AND TIME OF LATEST TRANSACTION
control field 20240317194233.0
008 - FIXED-LENGTH DATA ELEMENTS--GENERAL INFORMATION
fixed length control field 961205s1996 mx a j 000 0 spa d
020 ## - INTERNATIONAL STANDARD BOOK NUMBER
International Standard Book Number 9700506681 :
Terms of availability $8.00
020 ## - INTERNATIONAL STANDARD BOOK NUMBER
International Standard Book Number 9789700506685
040 ## - CATALOGING SOURCE
Original cataloging agency TXN
Transcribing agency TXN
Modifying agency JQJ
041 ## - LANGUAGE CODE
Language code of text/sound track or separate title spa
100 1# - MAIN ENTRY--PERSONAL NAME
Personal name Suarez, Maribel,
Dates associated with a name 1952-
245 10 - TITLE STATEMENT
Title Como siento? :
Remainder of title el sentido del tacto /
Statement of responsibility, etc. diseno e ilustracion Maribel Suarez.
260 ## - PUBLICATION, DISTRIBUTION, ETC. (IMPRINT)
Place of publication, distribution, etc. Mexico, D.F. :
Name of publisher, distributor, etc. Grijalbo,
Date of publication, distribution, etc. c1996.
300 ## - PHYSICAL DESCRIPTION
Extent [16] p. :
Other physical details col. ill. ;
Dimensions 22 cm.
490 0# - SERIES STATEMENT
Series statement Albores.
650 #0 - SUBJECT ADDED ENTRY--TOPICAL TERM
Topical term or geographic name as entry element Touch
Form subdivision Juvenile fiction.
942 ## - ADDED ENTRY ELEMENTS (KOHA)
Koha item type Libro/Book
Holdings
Withdrawn status Lost status Damaged status Not for loan Home library Current library Date acquired Total Checkouts Full call number Barcode Date last seen Date checked out Price effective from Koha item type Inventory number Checked out Shelving location
        San Juan Del Sur -- Mobile Collado 16/02/2023 1 JI 30029800 10/03/2026 10/03/2026 16/02/2023 Libro/Book Inventory date: 1-2-25 14/04/2026  
        San Juan Del Sur -- Mobile El coco 16/02/2023 1 JI 30029801 11/03/2026 11/03/2026 16/02/2023 Libro/Book Inventory date: 1-2-25 15/04/2026  
        San Juan Del Sur -- Mobile Las delicias 04/03/2024 3   33016122 29/05/2024 29/05/2024 04/03/2024 Libro/Book      
        San Juan Del Sur -- Mobile Pochote 26/09/2022 2 JNC 33016652 17/10/2024 19/10/2023 26/09/2022 Libro/Book      
        San Juan Del Sur -- Biblioteca San Juan Del Sur -- Biblioteca 13/01/2024   JN ESpANOL 30026203 13/01/2024   13/01/2024 Libro/Book Inventory date: 15-5-25   Children's Area
        San Juan Del Sur -- Mobile San Juan Del Sur -- Biblioteca 13/01/2024 2   33015927 17/04/2024 14/03/2024 13/01/2024 Libro/Book      
        San Juan Del Sur -- Mobile San Juan Del Sur -- Biblioteca 13/01/2024 2   33015923 12/03/2024 12/03/2024 13/01/2024 Libro/Book   16/04/2024  
        San Juan Del Sur -- Mobile San Juan Del Sur -- Mobile 16/02/2023   JI 30029802 16/02/2023   16/02/2023 Libro/Book Inventory date: 1-2-25    
        San Juan Del Sur -- Mobile San Juan Del Sur -- Mobile 16/02/2023   JI 30029799 16/02/2023   16/02/2023 Libro/Book Inventory date: 1-2-25    
        Zaragoza Zaragoza 04/03/2026 1 JI 35502274 20/03/2026 20/03/2026 04/03/2026 Libro/Book   24/04/2026  

Powered by Koha